书目信息 |
| 题名: |
此时此地
|
|
| 作者: | 艾未未 著 | |
| 分册: | ||
| 出版信息: | 桂林 广西师范大学出版社 2010.09 |
|
| 页数: | 320页, [16] 页图版 | |
| 开本: | 24cm | |
| 丛书名: | ||
| 单 册: | ||
| 中图分类: | J052-53 | |
| 科图分类: | ||
| 主题词: | 艺术评论--yi shu ping lun--中国--现代--文集 | |
| 电子资源: | ||
| ISBN: | 978-7-5633-9773-0 | |
| 000 | 00875nam0 2200241 450 | |
| 001 | 202019135180 | |
| 005 | 20191007123107.0 | |
| 010 | @a978-7-5633-9773-0@dCNY35.00 | |
| 100 | @a20191003d2010 em y0chiy50 ea | |
| 101 | 0 | @achi |
| 102 | @aCN@b450000 | |
| 105 | @aaf z 000yy | |
| 106 | @ar | |
| 200 | 1 | @a此时此地@Aci shi ci di@d= Time and place@f艾未未@zeng |
| 210 | @a桂林@c广西师范大学出版社@d2010.09 | |
| 215 | @a320页, [16] 页图版@c图@d24cm | |
| 330 | @a本书分为艺术、建筑、评论三部分, 内容包括: 这漫长的路、中国当代艺术的困境与转机、你是谁、关于摄影、精神指向与生存可能、寻找一种可能性、衰老雄性、闲聊撩闲、建筑与空间、建筑的意义等。 | |
| 510 | 1 | @aTime and place@zeng |
| 606 | 0 | @a艺术评论@Ayi shu ping lun@y中国@z现代@j文集 |
| 690 | @aJ052-53@v4 | |
| 701 | 0 | @a艾未未@Aai wei wei@4著 |
| 801 | 0 | @aCN@c20190905 |
| 905 | @a河南城建学院图书馆@dJ052-53@eA397 | |
| 此时此地= Time and place/艾未未.-桂林:广西师范大学出版社,2010.09 |
| 320页, [16] 页图版:图;24cm |
| ISBN 978-7-5633-9773-0:CNY35.00 |
| 本书分为艺术、建筑、评论三部分, 内容包括: 这漫长的路、中国当代艺术的困境与转机、你是谁、关于摄影、精神指向与生存可能、寻找一种可能性、衰老雄性、闲聊撩闲、建筑与空间、建筑的意义等。 |
| ● |
| 相关链接 |
|
|
|
正题名:此时此地
索取号:J052-53/A397
 
预约/预借
| 序号 | 登录号 | 条形码 | 馆藏地/架位号 | 状态 | 备注 |
| 1 | 1443723 | 214437233 | 自科二线404/309社科库 62排1列5层/ [索取号:J052-53/A397] | 在馆 | |
| 2 | 1443724 | 214437242 | 社科库309/309社科库 62排1列5层/ [索取号:J052-53/A397] | 在馆 | |
| 3 | 1443725 | 214437251 | 社科库309/309社科库 62排1列5层/ [索取号:J052-53/A397] | 在馆 |